000 00946nmm a2200301 a 4500
001 ocm0002146400
003 TR-IsHL
005 20201028182602.0
008 190205s2018 tu tur
007 cr cn
020 _a9786059562195
035 _a2146400
_b(N$T)
050 0 4 _aPZ8
_b.S355 2018
090 0 4 _aPZ8
_b.S355 2018
100 1 _aSailor, Jack
245 1 0 _aSırlar adası
_h[electronic resource] /
_cJack Sailor
250 _a9. Baskı
260 _aİstanbul :
_bGenç Hayat Yayınları,
_c2018
300 _a144 p.
650 4 _aDil ve Edebiyat
650 4 _aLanguage and Literature
650 0 _aMasallar, Hint
650 0 _aFairy Tales, Hindu
650 0 _aFolklor
_x Arap ülkeleri
650 0 _aFolklore
_x Arab countries
650 7 _aJUVENILE FICTION / Fairy Tales & Folklore / General
_2bisacsh
856 4 0 _uhttp://search.ebscohost.com/login.aspx?direct=true&scope=site&db=e011xww&AN=2146400
999 _c20138
_d20138